[Event "Deutsche Blitz-Einzelmeisterschaft der Frauen 2021"]
[Site "Magdeburg"]
[Date "2021.08.01"]
[Round "20"]
[Board "5"]
[White "Schlueter, Sabrina"]
[Black "Zimmer, Elke"]
[Result "1-0"]
[WhiteElo "1790"]
[BlackElo "1872"]
[PlyCount "0"]
[EventDate "2021.08.01"]
[EventRounds "21"]
[EventCountry "GER"]

1. c4 {[%clk 0:03:04]} e5 {[%clk 0:03:02]} 2. Nc3 {[%clk 0:03:05]} Nf6 {[%clk
0:03:03]} 3. g3 {[%clk 0:03:06]} c6 {[%clk 0:03:04]} 4. Bg2 {[%clk 0:03:07]} d5
{[%clk 0:03:04]} 5. cxd5 {[%clk 0:03:08]} cxd5 {[%clk 0:03:05]} 6. Nf3 {[%clk
0:03:03]} Nc6 {[%clk 0:03:06]} 7. O-O {[%clk 0:03:03]} a6 {[%clk 0:03:03]} 8. d3
{[%clk 0:03:02]} Bc5 {[%clk 0:02:59]} 9. Bg5 {[%clk 0:03:01]} h6 {[%clk 0:03:01]}
10. Bxf6 {[%clk 0:03:01]} gxf6 {[%clk 0:03:00]} 11. a3 {[%clk 0:03:00]} Be6
{[%clk 0:02:57]} 12. b4 {[%clk 0:02:59]} Ba7 {[%clk 0:02:58]} 13. Rc1 {[%clk
0:02:55]} Qd7 {[%clk 0:02:58]} 14. Na4 {[%clk 0:02:53]} Rc8 {[%clk 0:02:52]} 15.
Nc5 {[%clk 0:02:47]} Bxc5 {[%clk 0:02:52]} 16. Rxc5 {[%clk 0:02:46]} Bh3 {[%clk
0:02:43]} 17. Qc1 {[%clk 0:02:35]} Bxg2 {[%clk 0:02:46]} 18. Kxg2 {[%clk
0:02:36]} d4 {[%clk 0:02:33]} 19. Nd2 {[%clk 0:02:23]} h5 {[%clk 0:02:16]} 20.
Ne4 {[%clk 0:02:14]} Qe6 {[%clk 0:02:16]} 21. h4 {[%clk 0:02:08]} Rg8 {[%clk
0:02:11]} 22. Rc2 {[%clk 0:01:46]} Ke7 {[%clk 0:02:10]} 23. Nc5 {[%clk 0:01:45]}
Qg4 {[%clk 0:02:03]} 24. Kh2 {[%clk 0:01:34]} Rc7 {[%clk 0:02:04]} 25. Nxa6
{[%clk 0:01:26]} Rcc8 {[%clk 0:01:43]} 26. Nc5 {[%clk 0:01:22]} f5 {[%clk
0:01:43]} 27. Rg1 {[%clk 0:00:59]} f4 {[%clk 0:01:43]} 28. Ne4 {[%clk 0:00:50]}
fxg3+ {[%clk 0:01:32]} 29. fxg3 {[%clk 0:00:48]} Rg6 {[%clk 0:01:00]} 30. Qf1
{[%clk 0:00:36]} f5 {[%clk 0:00:48]} 31. Nf2 {[%clk 0:00:37]}  1-0

[Event "Deutsche Blitz-Einzelmeisterschaft der Frauen 2021"]
[Site "Magdeburg"]
[Date "2021.08.01"]
[Round "20"]
[Board "6"]
[White "Paehtz, Elisabeth"]
[Black "Schneider, Birgit"]
[Result "1-0"]
[WhiteElo "2410"]
[BlackElo "1993"]
[PlyCount "0"]
[EventDate "2021.08.01"]
[EventRounds "21"]
[EventCountry "GER"]

1. d4 {[%clk 0:03:03]} d5 {[%clk 0:03:03]} 2. Nf3 {[%clk 0:03:03]} Nf6 {[%clk
0:03:04]} 3. Bf4 {[%clk 0:03:03]} e6 {[%clk 0:03:05]} 4. e3 {[%clk 0:03:04]} Bd6
{[%clk 0:03:06]} 5. Bg3 {[%clk 0:03:03]} c5 {[%clk 0:03:05]} 6. Nbd2 {[%clk
0:03:03]} cxd4 {[%clk 0:03:03]} 7. exd4 {[%clk 0:03:03]} Nc6 {[%clk 0:03:02]} 8.
c3 {[%clk 0:03:04]} Qc7 {[%clk 0:02:57]} 9. Bd3 {[%clk 0:02:57]} b6 {[%clk
0:02:57]} 10. Qe2 {[%clk 0:02:55]} Bb7 {[%clk 0:02:58]} 11. O-O {[%clk 0:02:41]}
Bxg3 {[%clk 0:02:49]} 12. fxg3 {[%clk 0:02:40]} O-O {[%clk 0:02:48]} 13. Rae1
{[%clk 0:02:31]} Ne7 {[%clk 0:02:45]} 14. Ne5 {[%clk 0:02:29]} Ng6 {[%clk
0:02:40]} 15. Ndf3 {[%clk 0:02:22]} Ne4 {[%clk 0:02:11]} 16. Nxg6 {[%clk
0:02:14]} hxg6 {[%clk 0:02:05]} 17. Bxe4 {[%clk 0:02:15]} dxe4 {[%clk 0:02:05]}
18. Ng5 {[%clk 0:02:15]} Bd5 {[%clk 0:01:34]} 19. Qe3 {[%clk 0:02:07]} f5 {[%clk
0:01:00]} 20. b3 {[%clk 0:01:53]} Rae8 {[%clk 0:00:40]} 21. c4 {[%clk 0:01:54]}
Bb7 {[%clk 0:00:39]} 22. Rd1 {[%clk 0:01:37]} Bc8 {[%clk 0:00:30]} 23. g4 {[%clk
0:01:35]} Rd8 {[%clk 0:00:25]} 24. Qh3 {[%clk 0:01:33]} Rf6 {[%clk 0:00:15]} 25.
Qh7+ {[%clk 0:01:31]} Kf8 {[%clk 0:00:16]} 26. Qh8+ {[%clk 0:01:31]} Ke7 {[%clk
0:00:17]} 27. Qxg7+ {[%clk 0:01:31]}  1-0

[Event "Deutsche Blitz-Einzelmeisterschaft der Frauen 2021"]
[Site "Magdeburg"]
[Date "2021.08.01"]
[Round "20"]
[Board "7"]
[White "Hofmann, Karina"]
[Black "Mader, Lena"]
[Result "1-0"]
[WhiteElo "1734"]
[BlackElo "1689"]
[PlyCount "0"]
[EventDate "2021.08.01"]
[EventRounds "21"]
[EventCountry "GER"]

1. f4 {[%clk 0:03:03]} Nf6 {[%clk 0:03:01]} 2. Nf3 {[%clk 0:03:04]} d6 {[%clk
0:03:01]} 3. b3 {[%clk 0:03:05]} g6 {[%clk 0:02:53]} 4. e3 {[%clk 0:03:06]} Bg7
{[%clk 0:03:03]} 5. Bb2 {[%clk 0:03:07]} O-O {[%clk 0:03:03]} 6. d4 {[%clk
0:03:08]} Bg4 {[%clk 0:02:56]} 7. Bd3 {[%clk 0:03:09]} c5 {[%clk 0:02:50]} 8.
Nbd2 {[%clk 0:03:09]} a6 {[%clk 0:02:27]} 9. h3 {[%clk 0:03:09]} Bd7 {[%clk
0:02:23]} 10. Qe2 {[%clk 0:03:00]} Nc6 {[%clk 0:02:05]} 11. O-O {[%clk 0:03:04]}
Nb4 {[%clk 0:02:02]} 12. dxc5 {[%clk 0:03:01]} Nxd3 {[%clk 0:01:55]} 13. Qxd3
{[%clk 0:03:00]} dxc5 {[%clk 0:01:55]} 14. Ne5 {[%clk 0:02:59]} Bb5 {[%clk
0:01:52]} 15. c4 {[%clk 0:03:00]} Be8 {[%clk 0:01:44]} 16. Qxd8 {[%clk 0:02:59]}
Rxd8 {[%clk 0:01:44]} 17. Ne4 {[%clk 0:02:56]} Nxe4 {[%clk 0:01:46]} 18. Rfd1
{[%clk 0:02:50]} Bc6 {[%clk 0:01:40]} 19. Rab1 {[%clk 0:02:40]} Rd6 {[%clk
0:01:26]} 20. Nxc6 {[%clk 0:02:35]} bxc6 {[%clk 0:01:19]} 21. Bxg7 {[%clk
0:02:33]} Kxg7 {[%clk 0:01:20]} 22. Rxd6 {[%clk 0:02:33]} exd6 {[%clk 0:01:20]}
23. g4 {[%clk 0:02:29]} Re8 {[%clk 0:01:12]} 24. Kg2 {[%clk 0:02:28]} d5 {[%clk
0:01:07]} 25. Rd1 {[%clk 0:02:23]} Rd8 {[%clk 0:00:58]} 26. Kf3 {[%clk 0:02:19]}
f6 {[%clk 0:00:51]} 27. h4 {[%clk 0:02:13]} Kf7 {[%clk 0:00:47]} 28. f5 {[%clk
0:02:09]} g5 {[%clk 0:00:38]} 29. hxg5 {[%clk 0:02:03]} Nxg5+ {[%clk 0:00:39]}
30. Kf4 {[%clk 0:02:04]} Ne4 {[%clk 0:00:35]} 31. Rh1 {[%clk 0:02:00]} Kg7 {[%clk
0:00:36]} 32. a4 {[%clk 0:01:56]} Nd2 {[%clk 0:00:30]} 33. cxd5 {[%clk 0:01:53]}
cxd5 {[%clk 0:00:29]} 34. g5 {[%clk 0:01:47]} Rd7 {[%clk 0:00:20]} 35. gxf6+
{[%clk 0:01:38]} Kxf6 {[%clk 0:00:19]} 36. Rh6+ {[%clk 0:01:39]} Kg7 {[%clk
0:00:17]} 37. Rxa6 {[%clk 0:01:40]} Nxb3 {[%clk 0:00:16]} 38. Rb6 {[%clk
0:01:38]} Nd2 {[%clk 0:00:13]} 39. a5 {[%clk 0:01:36]} c4 {[%clk 0:00:11]} 40. a6
{[%clk 0:01:34]} Ne4 {[%clk 0:00:07]} 41. Rb7 {[%clk 0:01:31]} Nc5 {[%clk
0:00:05]} 42. a7 {[%clk 0:01:19]} Rxb7  1-0

[Event "Deutsche Blitz-Einzelmeisterschaft der Frauen 2021"]
[Site "Magdeburg"]
[Date "2021.08.01"]
[Round "20"]
[Board "8"]
[White "Voicu-Jagodzinsky, Carmen"]
[Black "Zschischang, Marine"]
[Result "0-1"]
[WhiteElo "2194"]
[BlackElo "2034"]
[PlyCount "0"]
[EventDate "2021.08.01"]
[EventRounds "21"]
[EventCountry "GER"]

1. e4 {[%clk 0:03:02]} e6 {[%clk 0:03:04]} 2. d4 {[%clk 0:03:03]} d5 {[%clk
0:03:05]} 3. Nc3 {[%clk 0:03:04]} dxe4 {[%clk 0:03:06]} 4. Nxe4 {[%clk 0:03:05]}
Nd7 {[%clk 0:03:07]} 5. Nf3 {[%clk 0:03:05]} Ngf6 {[%clk 0:03:07]} 6. Nxf6+
{[%clk 0:03:04]} Nxf6 {[%clk 0:03:10]} 7. Bd3 {[%clk 0:03:04]} c5 {[%clk
0:03:11]} 8. dxc5 {[%clk 0:02:53]} Bxc5 {[%clk 0:03:13]} 9. O-O {[%clk 0:02:51]}
O-O {[%clk 0:03:13]} 10. Qe2 {[%clk 0:02:53]} b6 {[%clk 0:03:11]} 11. Bg5 {[%clk
0:02:54]} Bb7 {[%clk 0:03:12]} 12. Rad1 {[%clk 0:02:50]} Qc7 {[%clk 0:03:14]} 13.
Ne5 {[%clk 0:02:49]} Rfd8 {[%clk 0:03:12]} 14. Bxf6 {[%clk 0:02:45]} gxf6 {[%clk
0:03:13]} 15. Qg4+ {[%clk 0:02:30]} Kf8 {[%clk 0:03:13]} 16. Nf3 {[%clk 0:02:12]}
h5 {[%clk 0:03:05]} 17. Qxh5 {[%clk 0:02:11]} Ke7 {[%clk 0:03:14]} 18. Rfe1
{[%clk 0:02:02]} Rh8 {[%clk 0:03:14]} 19. Bh7 {[%clk 0:02:05]} Rag8 {[%clk
0:03:01]} 20. b4 {[%clk 0:01:42]} Bxb4 {[%clk 0:02:45]} 21. Re3 {[%clk 0:01:39]}
Rg7 {[%clk 0:02:30]} 22. Qb5 {[%clk 0:01:37]} Bc5 {[%clk 0:02:27]} 23. Red3
{[%clk 0:01:31]} Bc6 {[%clk 0:02:24]} 24. Qb3 {[%clk 0:01:05]} Rhxh7 {[%clk
0:02:16]} 25. g3 {[%clk 0:01:04]} Rxg3+ {[%clk 0:02:05]} 26. Kf1 {[%clk 0:00:49]}
Rg2 {[%clk 0:01:49]} 27. Nd4 {[%clk 0:00:30]} Rhxh2 {[%clk 0:01:16]} 28. Nxc6+
{[%clk 0:00:18]} Qxc6 {[%clk 0:01:03]} 29. Rd7+ {[%clk 0:00:19]} Kf8 {[%clk
0:00:52]} 30. Rd8+ {[%clk 0:00:08]} Kg7 {[%clk 0:00:53]} 31. R1d2 {[%clk
0:00:08]} Rxf2+ {[%clk 0:00:48]}  0-1

[Event "Deutsche Blitz-Einzelmeisterschaft der Frauen 2021"]
[Site "Magdeburg"]
[Date "2021.08.01"]
[Round "20"]
[Board "10"]
[White "Albayrak, Berrak"]
[Black "Zeller, Elisa"]
[Result "1-0"]
[WhiteElo "1491"]
[BlackElo "1917"]
[PlyCount "0"]
[EventDate "2021.08.01"]
[EventRounds "21"]
[EventCountry "GER"]

1. e4 {[%clk 0:03:04]} e6 {[%clk 0:03:04]} 2. d4 {[%clk 0:03:05]} d5 {[%clk
0:03:05]} 3. Nd2 {[%clk 0:03:05]} c5 {[%clk 0:03:06]} 4. c3 {[%clk 0:03:02]} cxd4
{[%clk 0:03:03]} 5. cxd4 {[%clk 0:03:03]} Nc6 {[%clk 0:03:02]} 6. Ne2 {[%clk
0:02:55]} Bb4 {[%clk 0:02:58]} 7. e5 {[%clk 0:02:52]} Nge7 {[%clk 0:02:57]} 8. a3
{[%clk 0:02:47]} Ba5 {[%clk 0:02:55]} 9. b4 {[%clk 0:02:32]} Bb6 {[%clk 0:02:56]}
10. Nb3 {[%clk 0:02:00]} O-O {[%clk 0:02:52]} 11. Be3 {[%clk 0:01:52]} Nf5 {[%clk
0:02:46]} 12. Qd2 {[%clk 0:01:38]} Bd7 {[%clk 0:02:24]} 13. h3 {[%clk 0:01:14]}
Nxe3 {[%clk 0:01:54]} 14. Qxe3 {[%clk 0:01:14]} Ne7 {[%clk 0:01:55]} 15. Ng3
{[%clk 0:01:03]} Ng6 {[%clk 0:01:40]} 16. Bd3 {[%clk 0:00:58]} Rc8 {[%clk
0:01:15]} 17. O-O {[%clk 0:00:49]} Rc3 {[%clk 0:01:12]} 18. Nc5 {[%clk 0:00:50]}
Bxc5 {[%clk 0:01:13]} 19. dxc5 {[%clk 0:00:37]} Bb5 {[%clk 0:01:07]} 20. Rfd1
{[%clk 0:00:28]} Bxd3 {[%clk 0:01:06]} 21. Rxd3 {[%clk 0:00:28]} Rxd3 {[%clk
0:01:07]} 22. Qxd3 {[%clk 0:00:29]} Nxe5 {[%clk 0:01:07]} 23. Qb5 {[%clk
0:00:19]} Qf6 {[%clk 0:00:48]} 24. Re1 {[%clk 0:00:13]} Nc4 {[%clk 0:00:38]} 25.
Qxb7 {[%clk 0:00:12]} Qc3 {[%clk 0:00:35]} 26. Rf1 {[%clk 0:00:08]} Nd2 {[%clk
0:00:26]} 27. Qxa7 {[%clk 0:00:05]} Nxf1 {[%clk 0:00:26]} 28. Nxf1 {[%clk
0:00:06]} d4 {[%clk 0:00:30]} 29. Qd7 {[%clk 0:00:04]} d3 {[%clk 0:00:21]} 30. c6
{[%clk 0:00:04]} Qxa3 {[%clk 0:00:28]} 31. c7 Qc3 {[%clk 0:00:26]} 32. b5 d2
{[%clk 0:00:27]} 33. Nxd2 Qa1+ {[%clk 0:00:22]} 34. Kh2 {[%clk 0:00:06]} Qe5+
{[%clk 0:00:22]} 35. g3 {[%clk 0:00:06]} Qe2 {[%clk 0:00:14]} 36. Kg2 {[%clk
0:00:06]} Qe5 {[%clk 0:00:06]} 37. c8=Q {[%clk 0:00:06]} Qd5+  1-0

[Event "Deutsche Blitz-Einzelmeisterschaft der Frauen 2021"]
[Site "Magdeburg"]
[Date "2021.08.01"]
[Round "20"]
[Board "11"]
[White "Muetsch, Annmarie"]
[Black "Skogvall, Martina"]
[Result "1-0"]
[WhiteElo "2294"]
[BlackElo "2014"]
[PlyCount "0"]
[EventDate "2021.08.01"]
[EventRounds "21"]
[EventCountry "GER"]

1. e4 {[%clk 0:03:03]} e6 {[%clk 0:03:03]} 2. d3 {[%clk 0:03:03]} c5 {[%clk
0:03:04]} 3. Nd2 {[%clk 0:03:00]} Nc6 {[%clk 0:03:02]} 4. g3 {[%clk 0:03:00]} d6
{[%clk 0:03:01]} 5. Bg2 {[%clk 0:03:01]} Be7 {[%clk 0:03:01]} 6. Ngf3 {[%clk
0:02:55]} Nf6 {[%clk 0:03:01]} 7. O-O {[%clk 0:02:52]} O-O {[%clk 0:03:02]} 8. c3
{[%clk 0:02:51]} Qc7 {[%clk 0:03:00]} 9. Re1 {[%clk 0:02:52]} d5 {[%clk 0:02:34]}
10. Qe2 {[%clk 0:02:37]} b6 {[%clk 0:02:10]} 11. e5 {[%clk 0:02:34]} Nd7 {[%clk
0:02:05]} 12. Nf1 {[%clk 0:02:36]} f6 {[%clk 0:01:51]} 13. exf6 {[%clk 0:02:34]}
Nxf6 {[%clk 0:01:46]} 14. Bh3 {[%clk 0:02:30]} e5 {[%clk 0:01:31]} 15. Bxc8
{[%clk 0:02:28]} Raxc8 {[%clk 0:01:27]} 16. Nxe5 {[%clk 0:02:27]} Bd6 {[%clk
0:00:56]} 17. Nxc6 {[%clk 0:02:06]} Qxc6 {[%clk 0:00:57]} 18. Qe6+ {[%clk
0:02:00]} Kh8 {[%clk 0:00:58]} 19. Bg5 {[%clk 0:01:56]} Rce8 {[%clk 0:00:52]} 20.
Qh3 {[%clk 0:01:56]} Bc7 {[%clk 0:00:29]} 21. Ne3 {[%clk 0:01:47]} d4 {[%clk
0:00:16]} 22. cxd4 {[%clk 0:01:46]} cxd4 {[%clk 0:00:17]} 23. Nc4 {[%clk
0:01:31]} b5 {[%clk 0:00:14]} 24. Na3 {[%clk 0:01:14]} Rxe1+ {[%clk 0:00:13]} 25.
Rxe1 {[%clk 0:01:14]} Nd5 {[%clk 0:00:07]} 26. Qe6 {[%clk 0:01:06]} Qc5 {[%clk
0:00:04]} 27. Rc1 {[%clk 0:00:58]}  1-0

[Event "Deutsche Blitz-Einzelmeisterschaft der Frauen 2021"]
[Site "Magdeburg"]
[Date "2021.08.01"]
[Round "21"]
[Board "1"]
[White "Skogvall, Martina"]
[Black "Wulf, Constanze"]
[Result "0-1"]
[WhiteElo "2014"]
[BlackElo "1817"]
[PlyCount "0"]
[EventDate "2021.08.01"]
[EventRounds "21"]
[EventCountry "GER"]

1. e4 {[%clk 0:03:02]} c5 {[%clk 0:03:01]} 2. Nc3 {[%clk 0:03:03]} d6 {[%clk
0:03:02]} 3. f4 {[%clk 0:03:03]} g6 {[%clk 0:03:01]} 4. Nf3 {[%clk 0:03:04]} Bg7
{[%clk 0:03:02]} 5. Bc4 {[%clk 0:03:05]} e6 {[%clk 0:02:54]} 6. d3 {[%clk
0:03:06]} Ne7 {[%clk 0:03:03]} 7. O-O {[%clk 0:03:06]} O-O {[%clk 0:03:02]} 8.
Qe1 {[%clk 0:03:07]} Nbc6 {[%clk 0:03:03]} 9. a3 {[%clk 0:03:08]} a6 {[%clk
0:03:04]} 10. Qh4 {[%clk 0:03:07]} b5 {[%clk 0:03:05]} 11. Ba2 {[%clk 0:03:07]}
Qc7 {[%clk 0:03:02]} 12. g4 {[%clk 0:02:54]} b4 {[%clk 0:03:00]} 13. Ne2 {[%clk
0:02:50]} bxa3 {[%clk 0:02:55]} 14. Rb1 {[%clk 0:02:48]} axb2 {[%clk 0:02:51]}
15. Bxb2 {[%clk 0:02:48]} Bxb2 {[%clk 0:02:45]} 16. Rxb2 {[%clk 0:02:49]} Rb8
{[%clk 0:02:46]} 17. Rxb8 {[%clk 0:02:47]} Qxb8 {[%clk 0:02:43]} 18. Ng5 {[%clk
0:02:46]} h5 {[%clk 0:02:26]} 19. gxh5 {[%clk 0:02:38]} Qb2 {[%clk 0:02:15]} 20.
hxg6 {[%clk 0:02:28]} Qg7 {[%clk 0:02:06]} 21. gxf7+ {[%clk 0:02:20]} Rxf7 {[%clk
0:02:02]} 22. Ng3 {[%clk 0:02:14]} Ng6 {[%clk 0:01:54]} 23. Qg4 {[%clk 0:02:09]}
Re7 {[%clk 0:01:46]} 24. Nxe6 {[%clk 0:02:01]} Bxe6 {[%clk 0:01:45]} 25. Bxe6+
{[%clk 0:02:00]} Kh8 {[%clk 0:01:37]} 26. Nf5 {[%clk 0:01:37]} Qh7 {[%clk
0:01:23]} 27. Nxd6 {[%clk 0:01:26]} Nd4 {[%clk 0:01:15]} 28. Bf5 {[%clk 0:01:10]}
Rg7 {[%clk 0:01:00]} 29. Nf7+ {[%clk 0:01:05]} Kg8 {[%clk 0:00:46]} 30. Bxg6
{[%clk 0:01:04]} Rxg6 {[%clk 0:00:45]} 31. Ng5 {[%clk 0:01:04]} Qg7 {[%clk
0:00:26]} 32. Qc8+ {[%clk 0:01:01]} Qf8 {[%clk 0:00:27]} 33. Qxf8+ {[%clk
0:00:51]} Kxf8 {[%clk 0:00:28]} 34. c3 {[%clk 0:00:47]} Ne2+ {[%clk 0:00:29]} 35.
Kf2 {[%clk 0:00:48]} Nxc3 {[%clk 0:00:30]} 36. Rc1 {[%clk 0:00:47]} Na4 {[%clk
0:00:30]} 37. Rc4 {[%clk 0:00:28]} Nb2 {[%clk 0:00:30]} 38. Rc3 {[%clk 0:00:28]}
Ke7 {[%clk 0:00:26]} 39. Rb3 {[%clk 0:00:46]} Na4 {[%clk 0:00:26]} 40. Rb7+
{[%clk 0:00:45]} Kd6 {[%clk 0:00:25]} 41. Ke3 {[%clk 0:00:43]} Kc6 {[%clk
0:00:26]} 42. Rh7 {[%clk 0:00:43]} Nc3 {[%clk 0:00:19]} 43. h4 {[%clk 0:00:43]}
a5 {[%clk 0:00:20]} 44. f5 {[%clk 0:00:44]} Rd6 {[%clk 0:00:20]} 45. e5 {[%clk
0:00:41]} Rd5 {[%clk 0:00:19]} 46. Rh6+ {[%clk 0:00:41]} Kb5 {[%clk 0:00:20]} 47.
Nf3 {[%clk 0:00:37]} a4 {[%clk 0:00:19]} 48. Rh8 {[%clk 0:00:31]} a3 {[%clk
0:00:20]} 49. Ra8 {[%clk 0:00:31]} a2 {[%clk 0:00:20]} 50. Rxa2 {[%clk 0:00:21]}
Nxa2 {[%clk 0:00:11]} 51. f6 {[%clk 0:00:22]} Nb4 {[%clk 0:00:14]} 52. f7 {[%clk
0:00:16]} Rxd3+ {[%clk 0:00:15]} 53. Ke4 {[%clk 0:00:15]} Rd8 {[%clk 0:00:16]}
54. e6 {[%clk 0:00:12]} Nc6 {[%clk 0:00:15]} 55. Ne5 {[%clk 0:00:09]} Ne7 {[%clk
0:00:13]} 56. h5 {[%clk 0:00:05]} c4 {[%clk 0:00:10]} 57. h6 {[%clk 0:00:05]} c3
{[%clk 0:00:10]}  0-1

[Event "Deutsche Blitz-Einzelmeisterschaft der Frauen 2021"]
[Site "Magdeburg"]
[Date "2021.08.01"]
[Round "21"]
[Board "2"]
[White "Zeller, Elisa"]
[Black "Muetsch, Annmarie"]
[Result "0-1"]
[WhiteElo "1917"]
[BlackElo "2294"]
[PlyCount "0"]
[EventDate "2021.08.01"]
[EventRounds "21"]
[EventCountry "GER"]

1. e4 {[%clk 0:03:03]} d6 {[%clk 0:03:03]} 2. d4 {[%clk 0:03:03]} Nf6 {[%clk
0:03:04]} 3. Nc3 {[%clk 0:03:05]} Nbd7 {[%clk 0:03:05]} 4. Nf3 {[%clk 0:03:03]}
e5 {[%clk 0:03:06]} 5. dxe5 {[%clk 0:03:03]} dxe5 {[%clk 0:03:05]} 6. Bc4 {[%clk
0:03:04]} Be7 {[%clk 0:03:00]} 7. O-O {[%clk 0:02:31]} O-O {[%clk 0:02:52]} 8.
Re1 {[%clk 0:02:32]} c6 {[%clk 0:02:47]} 9. Bg5 {[%clk 0:02:30]} Qc7 {[%clk
0:02:45]} 10. Qe2 {[%clk 0:02:17]} Nc5 {[%clk 0:02:40]} 11. Bxf6 {[%clk 0:02:05]}
Bxf6 {[%clk 0:02:41]} 12. a3 {[%clk 0:02:07]} Bg4 {[%clk 0:02:33]} 13. h3 {[%clk
0:01:58]} Bh5 {[%clk 0:02:34]} 14. b4 {[%clk 0:01:54]} Ne6 {[%clk 0:02:22]} 15.
Bxe6 {[%clk 0:01:54]} fxe6 {[%clk 0:02:23]} 16. g4 {[%clk 0:01:51]} Bf7 {[%clk
0:02:16]} 17. Nd2 {[%clk 0:01:50]} Bg5 {[%clk 0:02:13]} 18. Nc4 {[%clk 0:01:48]}
b5 {[%clk 0:02:07]} 19. Ne3 {[%clk 0:01:46]} Rad8 {[%clk 0:01:59]} 20. Rad1
{[%clk 0:01:45]} Rd4 {[%clk 0:01:57]} 21. Ng2 {[%clk 0:01:34]} Rfd8 {[%clk
0:01:55]} 22. h4 {[%clk 0:01:25]} Bf4 {[%clk 0:01:48]} 23. Nb1 {[%clk 0:00:52]}
Qd7 {[%clk 0:01:39]} 24. Rxd4 {[%clk 0:00:50]} Qxd4 {[%clk 0:01:40]} 25. Nxf4
{[%clk 0:00:43]} exf4 {[%clk 0:01:32]} 26. c3 {[%clk 0:00:41]} Qd3 {[%clk
0:01:34]} 27. Qxd3 {[%clk 0:00:35]} Rxd3 {[%clk 0:01:35]} 28. Kg2 {[%clk
0:00:31]} e5 {[%clk 0:01:35]} 29. f3 {[%clk 0:00:26]} Ba2 {[%clk 0:01:34]} 30.
Kf2 {[%clk 0:00:15]} Kf7 {[%clk 0:01:30]} 31. Ke2 {[%clk 0:00:12]} Re3+ {[%clk
0:01:31]} 32. Kd2 {[%clk 0:00:10]} Rxe1 {[%clk 0:01:32]} 33. Kxe1 {[%clk
0:00:10]} Bxb1 {[%clk 0:01:32]}  0-1

[Event "Deutsche Blitz-Einzelmeisterschaft der Frauen 2021"]
[Site "Magdeburg"]
[Date "2021.08.01"]
[Round "21"]
[Board "4"]
[White "Zschischang, Marine"]
[Black "Stangl, Anita"]
[Result "0-1"]
[WhiteElo "2034"]
[BlackElo "1982"]
[PlyCount "0"]
[EventDate "2021.08.01"]
[EventRounds "21"]
[EventCountry "GER"]

1. d4 {[%clk 0:03:04]} e6 {[%clk 0:03:04]} 2. Nf3 {[%clk 0:03:01]} d5 {[%clk
0:03:05]} 3. Bg5 {[%clk 0:02:59]} Nf6 {[%clk 0:03:05]} 4. c4 {[%clk 0:02:58]} c6
{[%clk 0:02:57]} 5. e3 {[%clk 0:02:46]} Be7 {[%clk 0:02:57]} 6. Nc3 {[%clk
0:02:46]} O-O {[%clk 0:02:56]} 7. Qc2 {[%clk 0:02:59]} h6 {[%clk 0:02:57]} 8. Bh4
{[%clk 0:03:00]} Nbd7 {[%clk 0:02:54]} 9. cxd5 {[%clk 0:03:01]} exd5 {[%clk
0:02:52]} 10. Bd3 {[%clk 0:03:02]} Re8 {[%clk 0:02:46]} 11. h3 {[%clk 0:03:02]}
Ne4 {[%clk 0:02:41]} 12. Bxe7 {[%clk 0:03:00]} Qxe7 {[%clk 0:02:42]} 13. Bxe4
{[%clk 0:02:54]} dxe4 {[%clk 0:02:43]} 14. Nd2 {[%clk 0:02:55]} f5 {[%clk
0:02:27]} 15. g4 {[%clk 0:02:36]} fxg4 {[%clk 0:02:26]} 16. hxg4 {[%clk 0:02:36]}
Nf6 {[%clk 0:02:27]} 17. g5 {[%clk 0:02:27]} hxg5 {[%clk 0:02:28]} 18. O-O-O
{[%clk 0:02:27]} Bf5 {[%clk 0:02:15]} 19. Rdg1 {[%clk 0:02:12]} g4 {[%clk
0:02:12]} 20. Rh4 {[%clk 0:02:05]} Nd5 {[%clk 0:02:07]} 21. Rgh1 {[%clk 0:02:02]}
Nb4 {[%clk 0:02:06]} 22. Qb3+ {[%clk 0:02:01]} Be6 {[%clk 0:02:07]} 23. Qa3
{[%clk 0:01:07]} Nd3+ {[%clk 0:02:06]} 24. Kc2 {[%clk 0:01:03]} Qxa3 {[%clk
0:02:04]} 25. bxa3 {[%clk 0:01:04]} Nxf2 {[%clk 0:02:05]} 26. Rg1 {[%clk
0:01:02]} Bf5 {[%clk 0:01:54]} 27. Rf1 {[%clk 0:01:00]} g3 {[%clk 0:01:55]} 28.
Rf4 {[%clk 0:00:53]} g6 {[%clk 0:01:56]} 29. Rg1 {[%clk 0:00:37]} Nh3 {[%clk
0:01:56]} 30. Rxf5 {[%clk 0:00:36]} Nxg1 {[%clk 0:01:51]} 31. Rg5 {[%clk
0:00:36]} Kf7 {[%clk 0:01:39]} 32. Rxg3 {[%clk 0:00:36]} Nf3 {[%clk 0:01:39]} 33.
Ndxe4 {[%clk 0:00:30]} Nh4 {[%clk 0:01:39]} 34. Ng5+ {[%clk 0:00:25]} Kg7 {[%clk
0:01:34]} 35. e4 {[%clk 0:00:21]} Rad8 {[%clk 0:01:31]} 36. d5 {[%clk 0:00:22]}
cxd5 {[%clk 0:01:29]} 37. Nxd5 {[%clk 0:00:20]} Re5 {[%clk 0:01:20]} 38. Nc3
{[%clk 0:00:14]} Rc8 {[%clk 0:01:15]} 39. Kb3 {[%clk 0:00:13]} Rc6 {[%clk
0:01:07]} 40. Rg4 {[%clk 0:00:11]} Rec5 {[%clk 0:00:49]}  0-1

[Event "Deutsche Blitz-Einzelmeisterschaft der Frauen 2021"]
[Site "Magdeburg"]
[Date "2021.08.01"]
[Round "21"]
[Board "5"]
[White "Mader, Lena"]
[Black "Voicu-Jagodzinsky, Carmen"]
[Result "1/2-1/2"]
[WhiteElo "1689"]
[BlackElo "2194"]
[PlyCount "0"]
[EventDate "2021.08.01"]
[EventRounds "21"]
[EventCountry "GER"]

1. c4 {[%clk 0:03:03]} e5 {[%clk 0:03:01]} 2. g3 {[%clk 0:03:04]} Nc6 {[%clk
0:03:00]} 3. Bg2 {[%clk 0:03:05]} f5 {[%clk 0:03:02]} 4. d3 {[%clk 0:03:05]} Nf6
{[%clk 0:03:03]} 5. Nc3 {[%clk 0:03:05]} Bb4 {[%clk 0:03:04]} 6. Bd2 {[%clk
0:03:01]} a5 {[%clk 0:03:00]} 7. a3 {[%clk 0:03:01]} Bc5 {[%clk 0:03:00]} 8. Rb1
{[%clk 0:02:54]} O-O {[%clk 0:02:59]} 9. e3 {[%clk 0:02:51]} d6 {[%clk 0:03:00]}
10. Nge2 {[%clk 0:02:52]} Qe8 {[%clk 0:03:00]} 11. O-O {[%clk 0:02:52]} Qh5
{[%clk 0:03:01]} 12. Nd5 {[%clk 0:02:38]} Nxd5 {[%clk 0:02:49]} 13. Bxd5+ {[%clk
0:02:39]} Kh8 {[%clk 0:02:48]} 14. Nc3 {[%clk 0:02:31]} Qg6 {[%clk 0:02:18]} 15.
Bg2 {[%clk 0:02:17]} Bd7 {[%clk 0:02:10]} 16. Nd5 {[%clk 0:02:14]} Rac8 {[%clk
0:02:09]} 17. Bc3 {[%clk 0:02:10]} Be6 {[%clk 0:01:57]} 18. Kh1 {[%clk 0:01:48]}
f4 {[%clk 0:01:48]} 19. b4 {[%clk 0:01:34]} axb4 {[%clk 0:01:37]} 20. axb4 {[%clk
0:01:35]} Ba7 {[%clk 0:01:29]} 21. b5 {[%clk 0:01:29]} Bxd5 {[%clk 0:01:36]} 22.
Bxd5 {[%clk 0:01:22]} Ne7 {[%clk 0:01:38]} 23. Bxb7 {[%clk 0:01:16]}  1/2-1/2